| 000 | 00544nam a2200205Ia 4500 | ||
|---|---|---|---|
| 005 | 20260620114809.0 | ||
| 008 | 131103s9999 xx 000 0 und d | ||
| 040 | _aLoreto College | ||
| 041 | _aEnglish | ||
| 082 |
_a227 _bNEW |
||
| 100 | _aBrown, Raymond E. | ||
| 245 | 4 |
_aThe gospal of st. john the johannine epistles _cRaymond E. Brown |
|
| 260 |
_aNew York _bThe liturgical press _c1960 |
||
| 300 | _a72p. | ||
| 440 | _aNew testamen reading guide | ||
| 650 | _aChristianity | ||
| 651 | _aEpistles | ||
| 850 | _aLCLIB | ||
| 942 | _cBK | ||
| 999 |
_c25732 _d76211 |
||